MARC details
| 000 -CABECERA |
| campo de control de longitud fija |
01342nam a2200265 a 4500 |
| 001 - NÚMERO DE CONTROL |
| campo de control |
000012619 |
| 005 - FECHA Y HORA DE LA ÚLTIMA TRANSACCIÓN |
| campo de control |
20200929163040.0 |
| 008 - DATOS DE LONGITUD FIJA--INFORMACIÓN GENERAL |
| campo de control de longitud fija |
980623s1997 ck b 000 0 spa d |
| 020 ## - NÚMERO INTERNACIONAL ESTÁNDAR DEL LIBRO |
| Número Internacional Estándar del Libro |
9589057799 |
| 040 ## - FUENTE DE LA CATALOGACIÓN |
| Centro catalogador/agencia de origen |
DO-SdBNP |
| Lengua de catalogación |
spa |
| Centro/agencia transcriptor |
BNPHU |
| 082 ## - NÚMERO DE LA CLASIFICACIÓN DECIMAL DEWEY |
| Número de clasificación |
342.044 |
| Número de documento/Ítem |
C749d |
| 245 00 - MENCIÓN DE TÍTULO |
| Título |
Congreso y Democracia en los Países de la Región Andina : |
| Resto del título |
deficiencias y estrategias / |
| Mención de responsabilidad, etc. |
Compiladores, Arlene B. Tickener, Oscar Mejía Quintana. |
| 260 ## - PUBLICACIÓN, DISTRIBUCIÓN, ETC. |
| Lugar de publicación, distribución, etc. |
Santafé de Bogotá, (Colombia) : |
| Nombre del editor, distribuidor, etc. |
Ediciones Uniandes, |
| -- |
Centro de Estudios Internacionales, |
| -- |
Organización de Estados Americanos, |
| Fecha de publicación, distribución, etc. |
1997. |
| 300 ## - DESCRIPCIÓN FÍSICA |
| Extensión |
434 p. : |
| Otras características físicas |
il. ; |
| Dimensiones |
21 cm. |
| 500 ## - NOTA GENERAL |
| Nota general |
"Una investigación del Centro de Estudios Internacionales (CEI) de la Universidad de los Andes, Bogotá, Colombia, financiada por la Unidad para la Promoción de la Democracia (UPD) de la Organización de Estados Americanos (OEA)"--Presentación. |
| 504 ## - NOTA DE BIBLIOGRAFÍA, ETC. |
| Nota de bibliografía, etc. |
Incluye referencias bibliográficas : p. 431-434. |
| 650 #4 - PUNTO DE ACCESO ADICIONAL DE MATERIA--TÉRMINO DE MATERIA |
| Término de materia o nombre geográfico como elemento de entrada |
Colombia |
| Subdivisión general |
Congreso |
| 9 (RLIN) |
29351 |
| 650 #4 - PUNTO DE ACCESO ADICIONAL DE MATERIA--TÉRMINO DE MATERIA |
| Término de materia o nombre geográfico como elemento de entrada |
Perú |
| Subdivisión general |
Congreso |
| 9 (RLIN) |
29352 |
| 650 #4 - PUNTO DE ACCESO ADICIONAL DE MATERIA--TÉRMINO DE MATERIA |
| Término de materia o nombre geográfico como elemento de entrada |
Venezuela |
| Subdivisión general |
Congreso |
| 9 (RLIN) |
29353 |
| 650 #4 - PUNTO DE ACCESO ADICIONAL DE MATERIA--TÉRMINO DE MATERIA |
| Término de materia o nombre geográfico como elemento de entrada |
Bolivia |
| Subdivisión general |
Congreso |
| 9 (RLIN) |
29354 |
| 650 #4 - PUNTO DE ACCESO ADICIONAL DE MATERIA--TÉRMINO DE MATERIA |
| Término de materia o nombre geográfico como elemento de entrada |
Organos legislativos |
| Subdivisión geográfica |
Región De Los Andes |
| 9 (RLIN) |
29355 |
| 651 #4 - PUNTO DE ACCESO ADICIONAL DE MATERIA--NOMBRE GEOGRÁFICO |
| Nombre geográfico |
Región De Los Andes |
| Subdivisión general |
Política Y Gobierno |
| 9 (RLIN) |
29356 |
| 700 1# - PUNTO DE ACCESO ADICIONAL--NOMBRE DE PERSONA |
| Nombre de persona |
Tickner, Arlene B., |
| Fechas asociadas al nombre |
1964- |
| 9 (RLIN) |
29357 |
| 700 1# - PUNTO DE ACCESO ADICIONAL--NOMBRE DE PERSONA |
| Nombre de persona |
Mejía Quintana, Oscar, |
| Fechas asociadas al nombre |
1956- |
| 9 (RLIN) |
29358 |